| 000 | 00628nam a22001937a 4500 | ||
|---|---|---|---|
| 005 | 20150908125051.0 | ||
| 010 | _aENG-113460 | ||
| 020 |
_c600.00 _a9788173872273 |
||
| 035 | _aEN-96992 | ||
| 037 | _bDBAD/PUB | ||
| 082 | _a338.1760954 | ||
| 245 |
_aSustainable pastoralism in the Himalayas / _cedited by Nehal A. Farooquee...[et al] ; foreworded by M.S. Swaminathan |
||
| 260 |
_aNew Delhi _bIndus Publishing _c2011 |
||
| 270 |
_aFS- 5, Tagore Garden _bNew Delhi _e110027 |
||
| 300 |
_a263p. _c22cm(Hb) |
||
| 500 | _aIncludes Index | ||
| 700 | _aFarooquee, Nehal A. | ||
| 942 |
_2ddc _cEN _mSUS _h338.1760954 |
||
| 999 |
_c94886 _d94886 |
||